La liste de l'équipe de France à l'euro 2024 - Statistiques

Statistiques générales
  • Ce quiz a été pris 79 fois
  • Le résultat moyen est 23 sur 26
Statistiques - réponses
Poste/Club Joueurs % Correct
Sélectionneur Didier Deschamps
97%
Attaquant/PSG Kylian Mbappé
96%
Attaquant/PSG Ousmane Dembélé
94%
Milieux/Atlético Madrid Antoine Griezmann
93%
Gardien/AC Milan Mike Maignan
93%
Gardien/West Ham Alphonse Aréola
91%
Gardien/RC Lens Brice Samba
91%
Défenseur/Inter Milan Benjamin Pavard
90%
Milieux/AL-Ittihad N'Golo Kanté
90%
Défenseur/AC Milan Théo Hernandez
90%
Milieux/Réal Madrid Aurélien Tchouaméni
88%
Défenseur/Bayern Munich Dayot Upamecano
88%
Défenseur/FC Barcelone Jules Koundé
88%
Attaquant/AC Milan Olivier Giroud
88%
Défenseur/Arsenal William Saliba
88%
Attaquant/PSG Bradley Barcola
87%
Attaquant/Inter Milan Marcus Thuram
87%
Milieux/Juventus Adrien Rabiot
86%
Défenseur/Liverpool Ibrahima Konaté
84%
Attaquant/Bayern Munich Kingsley Coman
84%
Milieux/PSG Warren Zaïre-Emery
83%
Milieux/Réal Madrid Eduardo Camavinga
81%
Défenseur/Réal Madrid Ferland Mendy
80%
Défenseur/Marseille Jonathan Clauss
80%
Attaquant/PSG Randal Kolo Muani
78%
Milieux/AS Monaco Youssouf Fofana
64%
Aucun quiz correspondant
Distribution des résultats
% des personnes avec chaque résultat
Percentile par nombre de réponses
Votre historique - résultats
Vous n’avez pas pris ce quiz